V prítomnosti rastie budúcnosť Nad širokým okruhom otázok a problémov masovej telesnej výchovy hovoríme s podpredsedom SÚV ČSZTV Miroslavom Červenkom

Bibliographic Details
Main Authors: Červenka, Miroslav, 1922-1996 (Author), Burian, Rado (Author)
Format: Article
Language:Slovak
PhysicalDescription:Obr. 2.
Subjects:

MARC

LEADER 00000nab a2200000 a 4500
001 vtls000117060
003 SK-MaSNL
005 20260304133425.0
008 111104c1982 xo 0 slo
015 |a SNBRB19rr/mm-uuuuu 
035 |a CL0127165 
040 |a SNKBUCL  |b slo  |c SNKBUCL  |e AACR2 
041 0 |a slo 
044 |a xo  |c SK 
080 |a 796/799  |2 1981 
100 1 |a Červenka, Miroslav,  |d 1922-1996  |4 aut  |9 164777 
245 1 0 |a V prítomnosti rastie budúcnosť  |b Nad širokým okruhom otázok a problémov masovej telesnej výchovy hovoríme s podpredsedom SÚV ČSZTV Miroslavom Červenkom  |c Miroslav Červenka, Rado Burian 
300 |b Obr. 2. 
650 0 7 |a telesná výchova  |2 snkbucl  |9 708 
655 7 |a články z novín a časopisov  |2 snkbucl  |9 267496 
700 1 |a Burian, Rado  |4 aut  |9 923510 
773 0 |t Šport  |g Roč. 36, č. 81 (6. 4. 1982), s. 3 
850 |a Slovenská národná knižnica v Martine  |a MTA001 
852 |a SNK  |b KIS3GCP 
958 |a RK 
992 |a RBX 
999 |c 2901513  |d 2903443